| 000 | 00540nam a22001817a 4500 | ||
|---|---|---|---|
| 005 | 20251108171010.0 | ||
| 008 | 250721s2003 xx 000 0 ara d | ||
| 082 | 1 | 4 | _a796/قبل |
| 100 | 1 | _aقبلان، صبحي أحمد | |
| 245 | 1 | 0 | _aالرياضة للجميع / |
| 264 | 1 |
_aعمان : _bدار صفاء للنشر، _c2003. |
|
| 300 | _a229ص | ||
| 650 | 1 | 7 | _aالألعاب الرياضية |
| 650 | 1 | 7 | _aالتمرنيات الرياضية |
| 700 | 1 | _aالغفري، نضال أحمد | |
| 942 |
_2ddc _cBK |
||
| 999 |
_c54005 _d54005 |
||